Plasticos degradables : (Registro nro. 11013)

Detalles MARC
000 -LEADER
fixed length control field 01459nam a2200325 4500
001 - CONTROL NUMBER
control field 0000017238
003 - CONTROL NUMBER IDENTIFIER
control field CO-CtgCURN
005 - DATE AND TIME OF LATEST TRANSACTION
control field 20250329191016.0
007 - PHYSICAL DESCRIPTION FIXED FIELD--GENERAL INFORMATION
fixed length control field ta
008 - FIXED-LENGTH DATA ELEMENTS--GENERAL INFORMATION
fixed length control field 160627s2000 000 0 eng d
020 ## - INTERNATIONAL STANDARD BOOK NUMBER
International Standard Book Number 9588123089
040 ## - CATALOGING SOURCE
Original cataloging agency CO-CtgCURN
Language of cataloging spa
Transcribing agency coctgcurn
082 0# - DEWEY DECIMAL CLASSIFICATION NUMBER
Classification number 668.4
Item number C41p
100 1# - MAIN ENTRY--PERSONAL NAME
Personal name Chalita Fajel, Roberto.
245 10 - TITLE STATEMENT
Title Plasticos degradables :
Remainder of title via foto y biodegradacion /
Statement of responsibility, etc. Roberto Chalita Fajel.
260 ## - PUBLICATION, DISTRIBUTION, ETC.
Place of publication, distribution, etc. Barranquilla :
Name of publisher, distributor, etc. Unviersidad del Atlantico,
Date of publication, distribution, etc. 2000.
300 ## - PHYSICAL DESCRIPTION
Extent v, 196 p.
336 ## - CONTENT TYPE
Source rdacontent
337 ## - MEDIA TYPE
Source rdamedia
Media type term sin mediacion
Media type code n
338 ## - CARRIER TYPE
Source rdacarrier
Carrier type term volumen
Carrier type code nc
504 ## - BIBLIOGRAPHY, ETC. NOTE
Bibliography, etc. note Bibliografia (p. 193)
505 8# - FORMATTED CONTENTS NOTE
Formatted contents note Degradacion.--Principales fenomenos que ocurren en la degradacion de los polimeros.--Fotodegradacion.--Mecanismos de la oxidacion degradativa de los polimeros.--Procedimientos para provocar y estimular o inducir la fotodegradacion.--Medida de la fotodegradabilidad en los polimero.--Biodegradacion de los polimeros.--Aplicaciones de los plasticos fotodegradables, biodegradables y autodegradables
650 14 - SUBJECT ADDED ENTRY--TOPICAL TERM
Topical term or geographic name entry element Polimeros
Form subdivision Biodegradacion.
908 ## - PUT COMMAND PARAMETER (RLIN)
Put command parameter 160627
942 ## - ADDED ENTRY ELEMENTS (KOHA)
Koha item type Libros
Classification part 668.4
Item part C41p
Source of classification or shelving scheme Dewey Decimal Classification
Existencias
Withdrawn status Lost status Source of classification or shelving scheme Damaged status Not for loan Collection Home library Current library Shelving location Date acquired Inventory number Total checkouts Full call number Barcode Date last seen Copy number Price effective from Koha item type Public note
    Dewey Decimal Classification     General Miguel Henríquez Castañeda Miguel Henríquez Castañeda General 03/29/2025 011749   668.4 C41p 011749 03/29/2025 ej.1 03/29/2025 Libros 660-ING.QU
    Dewey Decimal Classification     General Miguel Henríquez Castañeda Miguel Henríquez Castañeda General 03/29/2025 011750   668.4 C41p 011750 03/29/2025 ej.2 03/29/2025 Libros 660-ING.QU
    Dewey Decimal Classification     General Miguel Henríquez Castañeda Miguel Henríquez Castañeda General 03/29/2025 011751   668.4 C41p 011751 03/29/2025 ej.3 03/29/2025 Libros 660-ING.QU
    Dewey Decimal Classification     General Miguel Henríquez Castañeda Miguel Henríquez Castañeda General 03/29/2025 011752   668.4 C41p 011752 03/29/2025 ej.4 03/29/2025 Libros 660-ING.QU